<?xml version="1.0" encoding="UTF-8"?>
<collection xmlns="http://www.loc.gov/MARC21/slim">
    <record>
        <controlfield tag="001">89194</controlfield>
        <controlfield tag="005">20200514105026.0</controlfield>
        <datafield tag="037" ind1=" " ind2=" ">
            <subfield code="a">TAZ-TFG-2018-624</subfield>
        </datafield>
        <datafield tag="041" ind1=" " ind2=" ">
            <subfield code="a">spa</subfield>
        </datafield>
        <datafield tag="100" ind1="1" ind2=" ">
            <subfield code="a">Uruen Subías, Marina</subfield>
        </datafield>
        <datafield tag="242" ind1="0" ind2="0">
            <subfield code="a">Nursing Care Plan for the Old Patient with ELA, on a Clinical Case</subfield>
        </datafield>
        <datafield tag="245" ind1="0" ind2="0">
            <subfield code="a">Plan de cuidados de enfermería en el anciano con ELA, a propósito de un caso clínico</subfield>
        </datafield>
        <datafield tag="260" ind1=" " ind2=" ">
            <subfield code="a">Zaragoza</subfield>
            <subfield code="b">Universidad de Zaragoza</subfield>
            <subfield code="c">2018</subfield>
        </datafield>
        <datafield tag="506" ind1=" " ind2=" ">
            <subfield code="a">by-nc-sa</subfield>
            <subfield code="b">Creative Commons</subfield>
            <subfield code="c">3.0</subfield>
            <subfield code="u">http://creativecommons.org/licenses/by-nc-sa/3.0/</subfield>
        </datafield>
        <datafield tag="520" ind1=" " ind2=" ">
            <subfield code="a">Introducción: La esclerosis lateral amiotrófica es una enfermedad poco conocida que, a pesar de su escasa prevalencia, presenta graves complicaciones. Por ello, es importante hacer un seguimiento desde el diagnóstico inicial, acompañando y apoyando al paciente desde el primer momento, mejorando de este modo su calidad de vida.  Objetivo: Realizar un seguimiento a una paciente anciana recién diagnosticada de ELA, y a su familia, buscando estrategias para afrontar las complicaciones que se vayan presentando, a través de la realización de un plan de cuidados de enfermería, individualizado a un caso clínico.  Metodología:  Se ha realizado una búsqueda bibliográfica en diversas bases de datos y páginas web, con relación a la clínica, el tratamiento, los cuidados, y el aspecto emocional de la enfermedad. Asimismo, se han consultado diferentes protocolos y guías clínicas. También se ha utilizado la taxonomía NANDA, NIC Y NOC.   Desarrollo: Después de realizar una revisión bibliográfica, y comparar diferentes protocolos y guías clínicas, se ha desarrollado un plan de cuidados individualizado. A través de los patrones funcionales de Marjory Gordon se ha realizado la valoración integral del paciente. Además, se han seleccionado los diagnósticos más prevalentes de esta enfermedad, junto con sus correspondientes objetivos, resultados e intervenciones.  Conclusión: A través de un diagnóstico y seguimiento precoz de la enfermedad, y la elaboración de un plan de cuidados se consigue mejorar la calidad de vida del paciente y la de su familia, así como la reducción de las complicaciones.  &lt;br /></subfield>
        </datafield>
        <datafield tag="521" ind1=" " ind2=" ">
            <subfield code="a">Graduado en Enfermería</subfield>
        </datafield>
        <datafield tag="540" ind1=" " ind2=" ">
            <subfield code="a">Derechos regulados por licencia Creative Commons</subfield>
        </datafield>
        <datafield tag="653" ind1="1" ind2=" ">
            <subfield code="a">Esclerosis lateral amiotrófica</subfield>
        </datafield>
        <datafield tag="653" ind1="1" ind2=" ">
            <subfield code="a">Cuidados</subfield>
        </datafield>
        <datafield tag="653" ind1="1" ind2=" ">
            <subfield code="a">Cuidador principal</subfield>
        </datafield>
        <datafield tag="653" ind1="1" ind2=" ">
            <subfield code="a">Nutrición</subfield>
        </datafield>
        <datafield tag="653" ind1="1" ind2=" ">
            <subfield code="a">Disartria</subfield>
        </datafield>
        <datafield tag="653" ind1="1" ind2=" ">
            <subfield code="a">Voluntades anticipadas</subfield>
        </datafield>
        <datafield tag="700" ind1=" " ind2=" ">
            <subfield code="a">Rica Escuín, María Luisa de la</subfield>
            <subfield code="e">dir.</subfield>
        </datafield>
        <datafield tag="710" ind1="2" ind2=" ">
            <subfield code="a">Universidad de Zaragoza</subfield>
            <subfield code="b">Fisiatría y Enfermería</subfield>
            <subfield code="c">Enfermería</subfield>
        </datafield>
        <datafield tag="856" ind1="0" ind2=" ">
            <subfield code="f">701000@celes.unizar.es</subfield>
        </datafield>
        <datafield tag="856" ind1="4" ind2=" ">
            <subfield code="s">1794000</subfield>
            <subfield code="u">http://zaguan.unizar.es/record/89194/files/TAZ-TFG-2018-624_ANE.pdf</subfield>
            <subfield code="y">Anexos (spa)</subfield>
        </datafield>
        <datafield tag="856" ind1="4" ind2=" ">
            <subfield code="s">330595</subfield>
            <subfield code="u">http://zaguan.unizar.es/record/89194/files/TAZ-TFG-2018-624.pdf</subfield>
            <subfield code="y">Memoria (spa)</subfield>
        </datafield>
        <datafield tag="909" ind1="C" ind2="O">
            <subfield code="o">oai:zaguan.unizar.es:89194</subfield>
            <subfield code="p">driver</subfield>
            <subfield code="p">trabajos-fin-grado</subfield>
        </datafield>
        <datafield tag="950" ind1=" " ind2=" ">
            <subfield code="a"></subfield>
        </datafield>
        <datafield tag="951" ind1=" " ind2=" ">
            <subfield code="a">deposita:2020-05-13</subfield>
        </datafield>
        <datafield tag="980" ind1=" " ind2=" ">
            <subfield code="a">TAZ</subfield>
            <subfield code="b">TFG</subfield>
            <subfield code="c">EUCS</subfield>
        </datafield>
        <datafield tag="999" ind1=" " ind2=" ">
            <subfield code="a">20180522235326.CREATION_DATE</subfield>
        </datafield>
    </record>

    
</collection>